000 01607nam a2200217Ia 4500
003 Ost
005 20260416102355.0
008 260416s9999||||xx |||||||||||||| ||und||
040 _cfsecg
041 _aara
082 _a658.1512
100 _aبلقاسم، بوعلام
_eمؤلف
245 0 _aالموازنة التقديرية /
_c بوعلام بلقاسم
260 _aالجزائر
_bجامعة الجزائر3: كلية العلوم الإقتصادية، العلوم التجارية وعلوم التسيير
_c2020
300 _a63 ورقة
_bايضاحات
_c30 سم
504 _aمراجع
520 _aمدخل تعريفي للموازنات التقديرية ، إجراءات إعدادا موازنات الاستغلال بالتطرق الى إعداد موازنة المبيعات ، الموازنة التقديرية لمصاريف البيع و التوزيع و الموازنة التقديرية للانتاج ، الموازنات التقديرية لمستلزمات برنامج الانتاج ، الموازنة التقديرية للعمل المباشر، الموازنة التقديرية للمصاريف الصناعية غير المباشرة ، الموازنة التقديرية للتموينات ، الموازنة النقدية، القوائم الختامية أو المستندات الملخصة .
653 _aالميزانيات التقديرية
710 _aجامعة الجزائر3: كلية العلوم الإقتصادية، العلوم التجارية وعلوم التسيير
_eناشر علمي
942 _cHANDOUT
999 _c41170
_d41170